Economic diplomacy (Record no. 516875)
[ view plain ]
| 000 -LEADER | |
|---|---|
| fixed length control field | 00251nam a22000977a 4500 |
| 082 ## - DEWEY DECIMAL CLASSIFICATION NUMBER | |
| Classification number | TNC T0 K528 |
| 100 ## - MAIN ENTRY--PERSONAL NAME | |
| Personal name | Khosla, I. P. (ed.) |
| 9 (RLIN) | 23624 |
| 245 ## - TITLE STATEMENT | |
| Title | Economic diplomacy |
| Statement of responsibility, etc | edited by I. P. Khosla |
| 260 ## - PUBLICATION, DISTRIBUTION, ETC. (IMPRINT) | |
| Place of publication, distribution, etc | Delhi |
| Name of publisher, distributor, etc | Konark Pub. |
| Date of publication, distribution, etc | 2006 |
| 300 ## - PHYSICAL DESCRIPTION | |
| Extent | 268p. |
| Withdrawn status | Lost status | Source of classification or shelving scheme | Damaged status | Koha normalized classification for sorting | Not for loan | Permanent location | Current location | Shelving location | Date acquired | Full call number | Barcode | Date last seen | Price effective from | Koha item type |
|---|---|---|---|---|---|---|---|---|---|---|---|---|---|---|
| TNC_T0_K528 | Indian Institute of Public Administration | Indian Institute of Public Administration | On Display | 2021-03-19 | TNC T0 K528 | GR23467 | 2021-03-19 | 2021-03-19 | GR |
